Writing and thinking in contemporary academia the poetics of clarity
Salvato in:
| Autore principale: | |
|---|---|
| Natura: | Libro |
| Lingua: | inglese |
| Pubblicazione: |
Routledge
2020
|
| Tags: |
Aggiungi Tag
Nessun Tag, puoi essere il primo ad aggiungerne!!
|
MARC
| LEADER | 00000nam a22000007a 4500 | ||
|---|---|---|---|
| 008 | 230822b |||||||| |||| 00| 0 eng d | ||
| 020 | |a 9781138312133 | ||
| 100 | |a GRUNFELD, Martin | ||
| 245 | |a Writing and thinking in contemporary academia |b the poetics of clarity |c Martin Grunfeld |g x, 157p | ||
| 260 | |b Routledge |c 2020 |h London |i 700037 |i 700038 |l LB2369.G92 |m Academic writing |m Communication in education |m Interdisciplinary approach to knowledge | ||
| 500 | |a it includes references and index | ||
| 942 | |a lcc |c BK |e Johnson |f 22/08/23 | ||
| 952 | |0 0 |1 0 |2 lcc |4 0 |6 LB2369 G92 |7 0 |9 4408 |a ED |b HOL |c LP |d 2023-08-22 |l 0 |o LB2369.G92 |p 2023-0332 |r 2023-08-22 00:00:00 |t 700037 |w 2023-08-22 |y BK | ||
| 952 | |0 0 |1 0 |2 lcc |4 0 |6 LB2369 G92 |7 0 |9 4409 |a HOL |b HOL |c LP |d 2023-08-22 |l 0 |o LB2369.G92 |p 2023-0333 |r 2023-08-22 00:00:00 |t 700038 |w 2023-08-22 |y BK | ||
| 999 | |c 2212 |d 2212 | ||